000
00482nam a2200145Ia 4500
008
100204s9999 xx 000 0 und d
082
_b
3626
100
_a
देशमुख नी. वा.
245
_a
शूरा मी वंदिले
260
_b
कॉन्टिनेन्टल प्रकाशन पुणे
300
_a
406
630
_a
शूरा मी वंदिले
730
_a
शूरा मी वंदिले
942
_c
BOOK
999
_c
448540
_d
448537